| 000 | 00505nam a2200193Ia 4500 | ||
|---|---|---|---|
| 003 | LK-CoDNM | ||
| 008 | 010623t1932 xxu||||| |||| 00| 1 sin d | ||
| 040 |
_aLK-CoDNM _dLK-CoDNM _eLK-CoDNM |
||
| 041 | _asin | ||
| 080 | _a104 I.11 | ||
| 100 |
_aRajakaruna,Ananda _eed. |
||
| 245 | _aදොම් කොස්මෝ චරිතය | ||
| 246 | _aDom Kosmo Charithaya | ||
| 260 |
_bWeerawardana _aMaligakanda _c1932 |
||
| 300 | _b34p., 21 cm | ||
| 650 | _aDrama | ||
| 650 | _aDutch Period | ||
| 942 | _cBK | ||
| 999 |
_c96298 _d96298 |
||